| 000 | 01485nam a2200217Ii 4500 | ||
|---|---|---|---|
| 008 | 221202s xx 000 0 und d | ||
| 100 | 1 |
_aBieger, Laura, _eauthor |
|
| 245 | 0 | _aBelonging and Narrative | |
| 246 | _aA Theory of the American Novel (Edition 1) | ||
| 264 | 1 |
_aBielefeld _btranscript Verlag _c2018 |
|
| 300 | _a1 online resource | ||
| 336 |
_atext _btxt _2rdacontent |
||
| 337 |
_acomputer _bc _2rdamedia |
||
| 338 |
_aonline resource _bcr _2rdacarrier |
||
| 520 | _aWhy did the novel become so popular in the past three centuries, and how did the American novel contribute to this trend? As a key provider of the narrative frames and formulas needed by modern individuals to give meaning and mooring to their lives. Drawing on phenomenological hermeneutics, human geography and social psychology, Laura Bieger contends that belonging is not a given; it is continuously produced by narrative. Against the current emphasis on metaphors of movement and destabilization, she explores the salience and significance of home. Challenging views of narrative as a mechanism of ideology, she approaches narrative as a practical component of dwelling in the world - and the novel a primary place-making agent. | ||
| 653 | _aAmerican | ||
| 653 | _aGeneral | ||
| 653 | _aLiterary Criticism | ||
| 856 |
_uhttps://docs.google.com/spreadsheets/d/1yKIrdCPDAG_9c22mwoOIO2DOhtj65Wqa/edit?usp=sharing&ouid=106555315294820607512&rtpof=true&sd=true _yList of Curated E-Books |
||
| 942 | _cE-BOOK | ||
| 999 |
_c91956 _d91953 |
||